Flesh and the word 4 : gay erotic confessionals /
Zapisane w:
| 1. autor: | |
|---|---|
| Format: | Książka |
| Język: | angielski |
| Wydane: |
New York ; London :
Plume,
1997
|
| Etykiety: |
Nie ma etykietki, Dołącz pierwszą etykiete!
|
MARC
| LEADER | 00000nam a22000007i 4500 | ||
|---|---|---|---|
| 001 | IT\ICCU\UBO\2256160 | ||
| 003 | ItRI | ||
| 005 | 20260115231818.0 | ||
| 008 | 030724s1997 xxu|||||| ||||| |||||c | ||
| 020 | |a 0452277604 | ||
| 040 | |b ita |c importazione bologna sebina | ||
| 041 | 7 | |a eng |2 ISO-639-2 | |
| 100 | 1 | |a Lowenthal, Micheal |0 IT\ICCU\UBOV\816126 |4 aut | |
| 245 | 1 | 0 | |a Flesh and the word 4 : |b gay erotic confessionals / |c edited and with an introduction by Micheal Lowenthal. |
| 260 | |a New York ; |a London : |b Plume, |c 1997 | ||
| 300 | |a XVI, 267 p. ; |c 20 cm. | ||
| 942 | |2 ddc |c BK |n 0 | ||
| 952 | |0 0 |1 0 |4 0 |6 DOC_810_803000000000000_LOW |7 0 |9 13264 |a BO |b BO |d 2026-01-15 |i 7523 |l 0 |o DOC 810.803 LOW |p BO7523 |r 2026-01-15 23:18:18 |w 2026-01-15 |x [Sebina 5] [1 v.] |y BK |z 1 v. | ||
| 999 | |c 11386 |d 11386 | ||